Memorias de Adriano

Saved in:
Bibliografiske detaljer
Hovedforfatter: Yourcenar, Marguerite (Author)
Format: Bog
Sprog:spansk
Udgivet: Buenos Aires Sudamericana 1997
Udgivelse:24a. ed
Fag:
Tags: Tilføj Tag
Ingen Tags, Vær først til at tagge denne postø!

MARC

LEADER 00000nam a2200000 a 4500
001 UCQ3034
003 CL-VaPUC
008 980817e19970000AG |||||||||||||||||spa|d
082 0 4 |a 843  |b YOU  |2 21 
100 0 |a Yourcenar, Marguerite  |e author  |9 417077 
245 1 0 |a Memorias de Adriano 
250 |a 24a. ed 
300 |a 272 p 
942 |c BK 
945 |d 19980817 00:00:00  |a aarredon 
260 |a Buenos Aires  |b Sudamericana  |c 1997 
600 0 |a Adriano  |9 395861 
650 7 |a NOVELAS BELGAS  |2 CL-VaPUC  |9 339608 
650 0 |a Novelas históricas   |9 342315 
583 |a last modification  |c 19980817 00:00:00  |k Rodrigo Vera 
999 |c 273696  |d 273694 
952 |0 0  |1 0  |4 0  |6 843_000000000000000_YOU_1997  |7 0  |8 A  |9 309516  |a BIBHIS  |b BIBHIS  |d 2019-11-20  |i 3451607  |o 843 YOU 1997  |p 3451607  |r 2025-01-20  |w 2019-11-20  |y BK  |k HIS